Lectures on quantum theory: mathematical and structural foundations

Gespeichert in:
Bibliographische Detailangaben
1. Verfasser: Isham, Chris J (VerfasserIn)
Format: Buch
Sprache:Englisch
Veröffentlicht: Singapur Imperial College Press 1995
Schlagworte:
Tags: Tag hinzufügen
Keine Tags, Fügen Sie den ersten Tag hinzu!

MARC

LEADER 00000nam a2200000 a 4500
001 UCH2507
003 CL-VaPUC
008 090618e19950000si |||||||||||||||||eng|d
020 |a 1860940005 
082 0 4 |a 530.12  |b ISH  |2 21 
100 0 |a Isham, Chris J  |e author  |9 537362 
245 1 0 |a Lectures on quantum theory: mathematical and structural foundations 
300 |a 220 p 
942 |c BK 
945 |d 20090618 00:00:00  |a rbrito 
260 |a Singapur  |b Imperial College Press  |c 1995 
650 0 |a Mecánica cuántica  |9 306806 
650 0 |a Teoría cuántica  |9 266148 
650 0 |a Física cuántica  |9 354949 
583 |a last modification  |c 20150511 05:53:59  |k Rodrigo Vera 
999 |c 334238  |d 334236 
952 |0 0  |1 0  |4 0  |6 530_120000000000000_ISH_1995  |7 0  |8 A  |9 423099  |a BIBCUR  |b BIBCUR  |d 2019-11-22  |i 4535650  |o 530.12 ISH 1995  |p 4535650  |r 2025-04-22  |w 2019-11-22  |y BK  |k FIS